Bicentenario de la Independencia de Colombia / (Registro nro. 6282)
[ vista simple ]
| 000 -LEADER | |
|---|---|
| fixed length control field | 00988nam a2200217Ia 4500 |
| 003 - CONTROL NUMBER IDENTIFIER | |
| control field | OSt |
| 005 - DATE AND TIME OF LATEST TRANSACTION | |
| control field | 20201019113213.0 |
| 008 - FIXED-LENGTH DATA ELEMENTS--GENERAL INFORMATION | |
| fixed length control field | 191128t2010 ck a gr 000 0 spa d |
| 020 ## - INTERNATIONAL STANDARD BOOK NUMBER | |
| International Standard Book Number | 9789589952702 |
| 040 ## - CATALOGING SOURCE | |
| Original cataloging agency | CO-JMCR |
| Transcribing agency | CO-JMCR |
| 041 0# - LANGUAGE CODE | |
| Language code of text/sound track or separate title | spa |
| 082 04 - DEWEY DECIMAL CLASSIFICATION NUMBER | |
| Classification number | 986.105 / |
| Item number | R696b |
| Edition number | 23 |
| 100 1# - MAIN ENTRY--PERSONAL NAME | |
| Personal name | Rodríguez Gómez, Juan Camilo, |
| Relator term | editor |
| 9 (RLIN) | 8268 |
| 245 10 - TITLE STATEMENT | |
| Title | Bicentenario de la Independencia de Colombia / |
| Statement of responsibility, etc. | editor, Juan Camilo Rodríguez Gómez |
| 260 ## - PUBLICATION, DISTRIBUTION, ETC. | |
| Place of publication, distribution, etc. | Bogotá : |
| Name of publisher, distributor, etc. | Revista Credencial Historia, |
| Date of publication, distribution, etc. | ©2010 |
| 300 ## - PHYSICAL DESCRIPTION | |
| Extent | 264 páginas : |
| Other physical details | ilustraciones a color ; |
| Dimensions | 26 cm. |
| 505 0# - FORMATTED CONTENTS NOTE | |
| Formatted contents note | Colonialismo e imperialismo: pretextos para el saqueo y los despojos -- "Yo, el rey". Tres siglos del imperio colonial español, 1492-1788 -- Revolucionarios y científicos conspirando por la independencia -- De los pasquines a la revolución |
| 650 14 - SUBJECT ADDED ENTRY--TOPICAL TERM | |
| Topical term or geographic name entry element | Guerra de independencia |
| Chronological subdivision | 1810-1819 |
| 9 (RLIN) | 11109 |
| 651 #4 - SUBJECT ADDED ENTRY--GEOGRAPHIC NAME | |
| Geographic name | Colombia |
| General subdivision | historia |
| Chronological subdivision | guerra de independencia |
| Geographic subdivision | 1810-1819 |
| 9 (RLIN) | 11670 |
| 942 ## - ADDED ENTRY ELEMENTS (KOHA) | |
| Source of classification or shelving scheme | Dewey Decimal Classification |
| Koha item type | Books |
| Withdrawn status | Lost status | Source of classification or shelving scheme | Damaged status | Not for loan | Collection code | Home library | Current library | Date acquired | Source of acquisition | Coded location qualifier | Total Checkouts | Total Renewals | Full call number | Barcode | Date last seen | Date last checked out | Copy number | Koha item type |
|---|---|---|---|---|---|---|---|---|---|---|---|---|---|---|---|---|---|---|
| Dewey Decimal Classification | Non-fiction | Biblioteca Pública José María del Castillo y Rada | Biblioteca Pública José María del Castillo y Rada | 04/15/2018 | Donación | $0 | 5 | 1 | 986.105 / R696b | 430012310 | 02/25/2026 | 02/25/2026 | Ej.1 | Books |